Teori dan kritikan sastera

Bibliographic Details
Main Author: Sohaimi Abdul Aziz
Format: Book
Published: Kuala Lumpur : Dewan Bahasa dan Pustaka , 2014
Edition:Edisi kedua
Subjects:

MARC

LEADER 00000cam a2200000 7i4500
001 0000184812
005 20140718.0
020 |a 9789834616946 
090 0 0 |a 809   |b SOH 
100 0 |a Sohaimi Abdul Aziz 
245 1 0 |a Teori dan kritikan sastera   |c Sohaimi Abdul Aziz 
250 |a Edisi kedua 
260 |a Kuala Lumpur :   |b Dewan Bahasa dan Pustaka ,   |c 2014 
300 |a 459p. ;   |c 22cm. 
650 0 0 |a Literature   |x History and criticism 
999 |a 00296767   |b BUKU   |c PINJAMAN   |e PERPUSTAKAAN KOMUNITI PETALING JAYA